000 00574nam a2200205 4500
003 OSt
005 20240626064209.0
006 a
008 240626b |||||||| |||| 00| 0 eng d
020 _a9789719120117
040 _aDWCL-Main lib.
_cOC
082 _aFil. 721 T125b 2010
100 _aTagayun, Vicente A.
245 _aBuilding design and construction /
260 _aManila :
_bVicente A. Tagayun,
_cc2010.
300 _bvarious paging : ill. ;
_c27 cm.
650 _a1. Architecture.
650 _a2. Architectural design.
942 _2ddc
_n0
_cBK - FIL
_kFil.
999 _c1400
_d1400